000 00248nam a2200097Ia 4500
001 747396
005 20250826164355.0
008 250824s9999 xx 000 0 und d
245 0 _aYÜCE ALLAHA ŞÜKREDİYORUM
_cKOMİSYON
260 _bKARATAY YAYINLARI
999 _c747396
_d747396